Financie a mena : II.časť /

Na minha lista:
Detalhes bibliográficos
Autor principal: Petrenka, Ján (Author)
Formato: Livro
Idioma:eslovaco
Publicado em: Bratislava : Vysoká škola ekonomická, Bratislava, 1992
Tags: Adicionar Tag
Sem tags, seja o primeiro a adicionar uma tag!

MARC

LEADER 00000nam a22000003a 4500
001 stu18906
005 20150617225755.8
008 920601s1992----cs------------------slo-d
020 |a 80-225-0364-9 
040 |a STU  |b slo 
041 0 |a slo 
044 |a cs 
080 |a 336.01(075.8) 
080 |a 336.743(075.8) 
100 1 |a Petrenka, Ján  |4 aut 
245 1 |a Financie a mena :  |b II.časť /  |c [aut.]Petrenka,Ján a kol 
260 |a Bratislava :  |b Vysoká škola ekonomická, Bratislava,  |c 1992 
300 |a 153 s 
500 |a (Dočasná vysokoškolská učebnica) 
996 |b CS30822  |c C*S30822  |l CCXIV  |s P  |a 0  |w stu18906_0001